| 000 | 01584nam a2200313 a 4500 | ||
|---|---|---|---|
| 001 | BRCA_3128 | ||
| 005 | 20190320204126.0 | ||
| 008 | 040209s1861----fr-a---###---#000-0#fre-u | ||
| 041 | _afre | ||
| 044 | _afr | ||
| 084 |
_a431 _b.B48 _c1861 |
||
| 100 | 1 |
_aCervantes Saavedra, Miguel de _d1547-1616 _9213 |
|
| 245 | 1 | 0 |
_aHistoire de Don Quichotte de la Manche _cMichel de Cervantes. |
| 260 |
_aParís _bBernardin-Bechet _c1861 |
||
| 300 |
_a379 p. _bil. _c23 cm. |
||
| 500 | _aContenido : Primera parte. Prólogo del autor. Texto. Segunda parte. Texto | ||
| 500 | _aEdición : Traduite de l´Espagnol de Michel de Cervantes par Filleau de Saint-Martin | ||
| 500 | _aCopia de la edición publicada por P.H. Krabbe en 1850. Es una de las raras traducciones del mismo traductor que no va acompañada de su continuación del Quijote. Los editores tuvieron el tino de suprimirla para restablecer el texto del último capítulo y el final de la obra tal como la escribió Cervantes. Va adornada con dibujos de Guérin. Impresión y papel malos. Semipiel; lomera decorada con filetes dorados Lúdovik Osterc | ||
| 500 | _aQM359A | ||
| 546 | _aTexto en : francés | ||
| 650 | 1 | 4 |
_aNovela española _yÉpoca clásica, 1500-1700 _9215 |
| 650 | 1 | 4 |
_aLiteratura española _yÉpoca clásica, 1500-1700 _9216 |
| 650 | 1 | 4 |
_aNovela española _ySiglo XVII _9217 |
| 650 | 1 | 4 |
_aDon Quijote (Personaje ficticio) _eNovela _9218 |
| 700 | 1 |
_aSaint-Martin, Francois Filleau de _d1632-1695 _eTraductor _98488 |
|
| 740 | 0 | _aEl Ingenioso Hidalgo Don Quijote de la Mancha | |
| 902 | _aQFM | ||
| 942 |
_2lcc _cB |
||
| 999 |
_c2864 _d2864 |
||